00224nam a2200085Ia 4500001000800000005001700008008004100025245005000066260002200116125024720251031150852.0251031s9999 xx 000 0 und d 0cALEV ALATLIaA-2 BEYAZ TÜRKLER KÜSTÜLER bEVEREST YAYINLARI